000 00379nam a2200145Ia 4500
008 231129s2009||||xx |||||||||||||| ||spa||
020 _a978-958-704-860-5
040 _bspa
082 _aA863 S117e
100 _aSaboulard Pedro
245 0 _aépica patetica
260 _c2009
264 _aBogotá Colombia : Alfaguara
942 _2ddc
_cBKS
999 _c13223
_d13223